Type the Alphabet Backwards - Sudden Death - Statistics

General Stats
  • This quiz has been taken 59 times
  • The average score is 11 of 26
Answer Stats
Letter % Correct
Z
100%
Y
97%
X
86%
W
72%
V
55%
T
52%
U
52%
R
48%
S
48%
Q
45%
P
38%
O
34%
I
31%
J
31%
K
31%
L
31%
M
31%
N
31%
G
28%
H
28%
F
21%
A
17%
B
17%
C
17%
D
17%
E
17%
No matching quizzes found
Score Distribution
Percent of People with Each Score
Percentile by Number Answered
Your Score History
You have not taken this quiz